The Netherlands WC 2022 Squad - Statistics

General Stats
  • This quiz has been taken 190 times
  • The average score is 20 of 26
Answer Stats
Club # Answer % Correct
Liverpool 4 Virgil van Dijk
99%
Barcelona 21 Frenkie de Jong
97%
PSV 9 Luuk de Jong
96%
Bayern 3 Matthijs de Ligt
95%
Barcelona 10 Memphis Depay
95%
Man City 5 Nathan Ake
93%
Inter 22 Denzel Dumfries
89%
Inter 6 Stefan de Vrij
84%
Heerenveen 23 Andries Noppert
82%
Ajax 17 Daley Blind
80%
Atalanta 15 Marten de Roon
80%
PSV 8 Cody Gakpo
79%
Besiktas 19 Wout Weghorst
79%
Leverkusen 26 Jeremie Frimpong
78%
Ajax 1 Remko Pasveer
76%
Ajax 11 Steven Berghuis
76%
Club Brugge 12 Noa Lang
73%
Ajax 7 Steven Bergwijn
73%
Ajax 2 Jurrien Timber
71%
Atalanta 20 Teun Koopmeiners
71%
Ajax 14 Davy Klaassen
69%
Man United 16 Tyrell Malacia
68%
Feyenoord 13 Justin Bijlow
59%
Royal Antwerp 18 Vincent Janssen
57%
PSV 25 Xavi Simons
56%
Ajax 24 Kenneth Taylor
54%
No matching quizzes found
Score Distribution
Percent of People with Each Score
Percentile by Number Answered
Your Score History
You have not taken this quiz